000 00670nam a2200205Ia 4500
005 20250508153436.0
008 008 250505s9999 xx 000 0 eng d
037 _aBooks to be hide in OPAC
040 _aFEDL
_beng
_cFEDL
041 _aeng
_2eng
084 _a378.168, UNI/O
_qFEDL
100 _aLewis Lanora G
_9764023
245 0 _aCredit system in colleges and universities
245 0 _cU S Department of Health, Education and Welfare
260 _aWashington, USA
_bU.S. Government Printing Office
_c1961
300 _av,37p
490 _aNew dimensions in higher education; 9
942 _cHB
_h378.168, UNI/O
999 _c1342910
_d1342910